| 000 | 00488nam a2200133 a 4500 | ||
|---|---|---|---|
| 008 | 120416s1999 ||||||||||||||||| || u | ||
| 050 | _aLC 1085 Gri | ||
| 100 | _aGristock, Jenny | ||
| 245 | 1 | 0 | _aPublic science & wealth creation in Britain |
| 260 |
_aLondon _bThe British Council _c1999 |
||
| 300 | _a31p. : ill. | ||
| 350 | _a0.00 | ||
| 995 |
_D0.00 _FCBU-MAIN LIBRARY (Kitwe) _H1 _I0.00 _M1 _UAVAILABLE _ZAnnex Low-Usage Collection |
||
| 999 |
_c55325 _d55325 |
||